|
|
|
|
| LEADER |
02418nam a22004815i 4500 |
| 001 |
978-3-7091-1192-5 |
| 003 |
DE-He213 |
| 005 |
20150519175829.0 |
| 007 |
cr nn 008mamaa |
| 008 |
120813s2013 au | s |||| 0|eng d |
| 020 |
|
|
|a 9783709111925
|9 978-3-7091-1192-5
|
| 024 |
7 |
|
|a 10.1007/978-3-7091-1192-5
|2 doi
|
| 040 |
|
|
|d GrThAP
|
| 050 |
|
4 |
|a RD592.5-596
|
| 072 |
|
7 |
|a MNN
|2 bicssc
|
| 072 |
|
7 |
|a MED085010
|2 bisacsh
|
| 082 |
0 |
4 |
|a 617.48
|2 23
|
| 245 |
1 |
0 |
|a Cerebral Vasospasm: Neurovascular Events After Subarachnoid Hemorrhage
|h [electronic resource] /
|c edited by Mario Zuccarello, Joseph F. Clark, Gail Pyne-Geithman, Norberto Andaluz, Jed A. Hartings, Opeolu M. Adeoye.
|
| 264 |
|
1 |
|a Vienna :
|b Springer Vienna :
|b Imprint: Springer,
|c 2013.
|
| 300 |
|
|
|a XIV, 338 p.
|b online resource.
|
| 336 |
|
|
|a text
|b txt
|2 rdacontent
|
| 337 |
|
|
|a computer
|b c
|2 rdamedia
|
| 338 |
|
|
|a online resource
|b cr
|2 rdacarrier
|
| 347 |
|
|
|a text file
|b PDF
|2 rda
|
| 490 |
1 |
|
|a Acta Neurochirurgica Supplement,
|x 0065-1419 ;
|v 115
|
| 520 |
|
|
|a The book contains 48 articles presented at the 11th International Conference on Cerebral Vasospasm held in Cincinnati, Ohio, USA, in July 2011. This collection of papers represents a cross-section of the enormous progress that has been made towards a thorough understanding and effective treatment of neurovascular events following aneurysmal subarachnoid hemorrhage, including cerebral vasospasm. It is of interest to clinicians who wish to apply state-of-the-art knowledge to their management of this devastating condition and to basic scientists wishing to expand their understanding of cerebrovascular and neural pathophysiology related to subarachnoid hemorrhage.
|
| 650 |
|
0 |
|a Medicine.
|
| 650 |
|
0 |
|a Neurosurgery.
|
| 650 |
1 |
4 |
|a Medicine & Public Health.
|
| 650 |
2 |
4 |
|a Neurosurgery.
|
| 700 |
1 |
|
|a Zuccarello, Mario.
|e editor.
|
| 700 |
1 |
|
|a Clark, Joseph F.
|e editor.
|
| 700 |
1 |
|
|a Pyne-Geithman, Gail.
|e editor.
|
| 700 |
1 |
|
|a Andaluz, Norberto.
|e editor.
|
| 700 |
1 |
|
|a Hartings, Jed A.
|e editor.
|
| 700 |
1 |
|
|a Adeoye, Opeolu M.
|e editor.
|
| 710 |
2 |
|
|a SpringerLink (Online service)
|
| 773 |
0 |
|
|t Springer eBooks
|
| 776 |
0 |
8 |
|i Printed edition:
|z 9783709111918
|
| 830 |
|
0 |
|a Acta Neurochirurgica Supplement,
|x 0065-1419 ;
|v 115
|
| 856 |
4 |
0 |
|u http://dx.doi.org/10.1007/978-3-7091-1192-5
|z Full Text via HEAL-Link
|
| 912 |
|
|
|a ZDB-2-SME
|
| 950 |
|
|
|a Medicine (Springer-11650)
|